[Event "GBR-ch61"]
[Site "Clacton"]
[Date "1974.08.16"]
[Round "11"]
[White "Eley, Brian Ratcliffe"]
[Black "Lennox, C Jonathan"]
[Result "1/2-1/2"]
[WhiteElo "2350"]
[BlackElo "2200"]
[PlyCount "116"]
[EventDate "1974.08.05"]
[EventType "swiss"]
[EventRounds "11"]
[EventCountry "GBR"]
[SourceTitle "BritBase"]
[SourceQuality "2"]

1. e3 g6 2. c4 Bg7 3. Nc3 c5 4. f4 Nc6 5. Nf3 Nf6 6. d4 cxd4 7. exd4 d5 8. Ne5
O-O 9. Be3 Be6 10. c5 Ne4 11. Bd3 Nxc3 12. bxc3 Nxe5 13. fxe5 f6 14. exf6 Rxf6
15. Rf1 Qc7 16. Rxf6 Bxf6 17. g3 Bf7 18. Qb3 e5 19. Kf2 exd4 20. Bxd4 Bxd4+ 21.
cxd4 Qe7 22. Qc3 Rf8 23. Kg2 Be8 24. Qe1 Qf6 25. Qe3 Bd7 26. Rf1 Qe6 27. Rxf8+
Kxf8 28. Qxe6 Bxe6 29. h4 Kg7 30. Kf3 h6 31. Bc2 Kf6 32. Kf4 g5+ 33. hxg5+
hxg5+ 34. Ke3 Ke7 35. Bd1 Kd8 36. Bh5 Kc7 37. a3 Kd8 38. Kd2 Kc7 39. Kc3 Kd8
40. Kb4 Kc7 41. a4 Kd8 42. Bg6 Kc7 43. Bh5 Kd8 44. a5 Kc7 45. a6 b6 46. Be8 Bg4
47. Bf7 Bf3 48. Be8 Be2 49. Bb5 Bg4 50. Bd3 Be6 51. Be2 Bf5 52. Bf3 Be6 53. Kb5
Bd7+ 54. Kb4 Be6 55. Bh1 Kc6 56. Bg2 Kc7 57. Bf3 Kc6 58. Bg2 Kc7 1/2-1/2

[Event "GBR-ch61"]
[Site "Clacton"]
[Date "1974.08.16"]
[Round "11"]
[White "Hardy, Otto H"]
[Black "Thomas, Ronald"]
[Result "1/2-1/2"]
[WhiteElo "2200"]
[BlackElo "2200"]
[PlyCount "32"]
[EventDate "1974.08.05"]
[EventType "swiss"]
[EventRounds "11"]
[EventCountry "GBR"]
[SourceTitle "BritBase"]
[SourceQuality "2"]

1. d4 d5 2. Nc3 Nf6 3. Bg5 h6 4. Bxf6 exf6 5. e3 Be6 6. Bd3 c5 7. Qf3 Nc6 8.
Nge2 Qa5 9. O-O O-O-O 10. Bf5 cxd4 11. exd4 Bb4 12. Rad1 Rhe8 13. a3 Bxc3 14.
Nxc3 Kb8 15. Bxe6 fxe6 16. Qg3+ Qc7 1/2-1/2

[Event "GBR-ch61"]
[Site "Clacton"]
[Date "1974.08.16"]
[Round "11"]
[White "Haygarth, Michael J"]
[Black "Mestel, A Jonathan"]
[Result "1-0"]
[WhiteElo "2200"]
[BlackElo "2270"]
[PlyCount "81"]
[EventDate "1974.08.05"]
[EventType "swiss"]
[EventRounds "11"]
[EventCountry "GBR"]
[SourceTitle "BritBase"]
[SourceQuality "2"]

1. d4 d6 2. e4 Nf6 3. Nc3 g6 4. f3 c6 5. Be3 Qb6 6. Rb1 Nbd7 7. Qd2 Bg7 8. Nh3
O-O 9. Be2 Qc7 10. O-O b5 11. Nf2 b4 12. Na4 a5 13. Rfc1 Ba6 14. Bxa6 Rxa6 15.
b3 Nb6 16. Nxb6 Qxb6 17. c3 Nd7 18. cxb4 axb4 19. Rc4 Qa7 20. Qxb4 Rb8 21. Qe1
Rxa2 22. Nd3 d5 23. Rb4 dxe4 24. fxe4 Nf6 25. d5 Qc7 26. Bf4 Qa7+ 27. Kh1 Rc8
28. Rc4 Qb6 29. Qg1 Qb7 30. Nb4 Re2 31. dxc6 Qb5 32. Re1 Rb2 33. Rb1 Re2 34.
Re1 Rb2 35. c7 Rxb3 36. Rd4 Nd7 37. Rd5 Qxb4 38. Rxd7 Qa5 39. Rdd1 Bf8 40. Rd8
Rxc7 41. Bh6 {Mega Database 2012 has 30...Rc2} 1-0

[Event "GBR-ch61"]
[Site "Clacton"]
[Date "1974.08.16"]
[Round "11"]
[White "Holloway, Nigel J"]
[Black "Law, Andrew P"]
[Result "1/2-1/2"]
[WhiteElo "2200"]
[BlackElo "2200"]
[PlyCount "62"]
[EventDate "1974.08.05"]
[EventType "swiss"]
[EventRounds "11"]
[EventCountry "GBR"]
[SourceTitle "BritBase"]
[SourceQuality "2"]

1. Nf3 d5 2. d4 Nf6 3. c4 e6 4. Nc3 Bb4 5. e3 O-O 6. Be2 c6 7. O-O Nbd7 8. Qc2
Qe7 9. b3 dxc4 10. bxc4 e5 11. Bb2 Bd6 12. Rfe1 Re8 13. Rad1 e4 14. Nd2 Nf8 15.
f3 exf3 16. Bxf3 Ne6 17. Nde4 Nxe4 18. Nxe4 Bb4 19. Re2 Nf8 20. Ng3 Ng6 21. e4
Nh4 22. d5 f6 23. Qb3 Bd6 24. Kh1 c5 25. Nf5 Bxf5 26. exf5 Qc7 27. Be4 Nxf5 28.
Qh3 Nh6 29. Bxf6 gxf6 30. Qxh6 Qg7 31. Qxg7+ Kxg7 1/2-1/2

[Event "GBR-ch61"]
[Site "Clacton"]
[Date "1974.08.16"]
[Round "11"]
[White "Horner, Jeff"]
[Black "Swanson, Stephen"]
[Result "1/2-1/2"]
[WhiteElo "2200"]
[BlackElo "2200"]
[PlyCount "68"]
[EventDate "1974.08.05"]
[EventType "swiss"]
[EventRounds "11"]
[EventCountry "GBR"]
[SourceTitle "BritBase"]
[SourceQuality "2"]

1. e4 e5 2. Nf3 Nc6 3. Bb5 a6 4. Ba4 d6 5. c3 f5 6. d4 fxe4 7. Ng5 exd4 8. Nxe4
Nf6 9. Nxf6+ Qxf6 10. O-O Be7 11. Bb3 Bf5 12. Bd5 d3 13. Na3 Rb8 14. Nc4 Ne5
15. Ne3 c6 16. f4 Nd7 17. Re1 Nb6 18. Nxf5 Nxd5 19. Qh5+ g6 20. Nxe7 Nxe7 21.
Qh6 Kf7 22. g4 Rbe8 23. Be3 c5 24. Rad1 Nd5 25. Rxd3 Nxe3 26. Rdxe3 Rxe3 27.
Rxe3 b5 28. Qh3 a5 29. f5 gxf5 30. gxf5 Qg5+ 31. Kh1 Rg8 32. Re1 Qg4 33. Qxg4
Rxg4 34. Re6 Rf4 1/2-1/2

[Event "GBR-ch61"]
[Site "Clacton"]
[Date "1974.08.16"]
[Round "11"]
[White "Knox, Victor W"]
[Black "Webb, Roger"]
[Result "1-0"]
[WhiteElo "2200"]
[BlackElo "2200"]
[PlyCount "73"]
[EventDate "1974.08.05"]
[EventType "swiss"]
[EventRounds "11"]
[EventCountry "GBR"]
[SourceTitle "BritBase"]
[SourceQuality "2"]

1. e4 e5 2. Nc3 Nf6 3. f4 d5 4. fxe5 Nxe4 5. d3 Nxc3 6. bxc3 d4 7. Nf3 c5 8.
Be2 Nc6 9. O-O h6 10. Qe1 Be6 11. Rb1 Qc7 12. a4 b6 13. cxd4 cxd4 14. c4 Bc5
15. Bf4 g5 16. Bg3 O-O-O 17. Nd2 h5 18. h3 g4 19. h4 Bb4 20. Qc1 Bxd2 21. Qxd2
Na5 22. Rfc1 Nb7 23. Kh2 Rd7 24. Rb5 Qd8 25. a5 Nc5 26. axb6 axb6 27. Qb4 Rb7
28. Rb1 Qc7 29. Rxb6 Rxb6 30. Qxb6 Qxb6 31. Rxb6 Kc7 32. Rd6 Ra8 33. Rxd4 Ra2
34. Bf1 Rd2 35. Rf4 Nxd3 36. Rd4 Bf5 37. e6+ 1-0

[Event "GBR-ch61"]
[Site "Clacton"]
[Date "1974.08.16"]
[Round "11"]
[White "Lightfoot, Malcolm J"]
[Black "Ludgate, Alan Templeton"]
[Result "0-1"]
[WhiteElo "2200"]
[BlackElo "2200"]
[PlyCount "126"]
[EventDate "1974.08.05"]
[EventType "swiss"]
[EventRounds "11"]
[EventCountry "GBR"]
[SourceTitle "BritBase"]
[SourceQuality "2"]

1. e4 g6 2. d4 Bg7 3. Nf3 d6 4. Bc4 Nf6 5. Qe2 c6 6. Bb3 O-O 7. O-O Bg4 8. Nbd2
Nbd7 9. h3 Bxf3 10. Nxf3 e5 11. dxe5 dxe5 12. Bd2 Nc5 13. Nxe5 Nfxe4 14. Bf4
Qh4 15. Qg4 Qxg4 16. hxg4 g5 17. Bh2 Nxb3 18. axb3 Rfe8 19. Nd3 Bd4 20. Rfe1
Re6 21. c3 Bb6 22. Rad1 Rd8 23. Kf1 Rh6 24. Be5 Nf6 25. Bxf6 Rxf6 26. f3 Rfd6
27. Nf2 Bxf2 28. Rxd6 Rxd6 29. Kxf2 Kg7 30. Ke2 Re6+ 31. Kd2 Rxe1 32. Kxe1 Kf6
33. Ke2 Ke5 34. Ke3 c5 35. g3 h6 36. Kd3 Kd5 37. Ke3 Ke5 38. Kd3 b6 39. Ke3 f6
40. Kd3 Kd5 41. c4+ Ke5 42. Ke3 f5 43. Kd3 f4 44. gxf4+ Kxf4 45. Ke2 Kg3 46.
Ke3 Kg2 47. Ke2 a5 48. b4 cxb4 49. b3 Kg3 50. Ke3 Kh4 51. Kd3 h5 52. gxh5 Kxh5
53. Ke3 Kg6 54. Ke4 Kf6 55. Kd4 Kf5 56. Kd3 Ke5 57. Ke3 Kd6 58. Kd4 Kc6 59. Ke4
Kc5 60. Kd3 b5 61. cxb5 Kxb5 62. Kc2 a4 63. bxa4+ Kxa4 0-1

[Event "GBR-ch61"]
[Site "Clacton"]
[Date "1974.08.16"]
[Round "11"]
[White "Mabbs, David J"]
[Black "Sinclair, Ian J"]
[Result "1/2-1/2"]
[WhiteElo "2200"]
[BlackElo "2200"]
[PlyCount "81"]
[EventDate "1974.08.05"]
[EventType "swiss"]
[EventRounds "11"]
[EventCountry "GBR"]
[SourceTitle "BritBase"]
[SourceQuality "2"]

1. d4 Nf6 2. Nc3 d5 3. Bg5 Nbd7 4. Nf3 h6 5. Bh4 b6 6. Ne5 Bb7 7. e3 c6 8. f4
e6 9. Bd3 Bb4 10. O-O Qc7 11. Kh1 Rf8 12. a3 Bxc3 13. bxc3 O-O-O 14. Nxd7 Rxd7
15. Bxf6 gxf6 16. Rf3 f5 17. Rh3 Rh8 18. Qh5 c5 19. Qh4 cxd4 20. Qf6 Qd8 21.
Qxd8+ Kxd8 22. cxd4 Bc6 23. a4 a5 24. Rf3 Kc7 25. Rff1 Kb7 26. Rfb1 Ka7 27. Ra2
Rc7 28. Kg1 Rb8 29. Kf2 Bb7 30. Ke2 Ba6 31. Kd2 Rg8 32. g3 h5 33. c3 h4 34.
Bxa6 Kxa6 35. Rab2 Rc6 36. gxh4 Rg4 37. Kd3 Rxh4 38. Rg1 Rh7 39. Rh1 Rh3 40.
Rg1 Rc7 41. Rg8 1/2-1/2

[Event "GBR-ch61"]
[Site "Clacton"]
[Date "1974.08.16"]
[Round "11"]
[White "Perkins, Alan H"]
[Black "Penrose, Jonathan"]
[Result "1/2-1/2"]
[WhiteElo "2360"]
[BlackElo "2450"]
[PlyCount "59"]
[EventDate "1974.08.05"]
[EventType "swiss"]
[EventRounds "11"]
[EventCountry "GBR"]
[SourceTitle "BritBase"]
[SourceQuality "2"]

1. d4 c5 2. d5 e5 3. c4 d6 4. e4 g6 5. Nc3 Bg7 6. Be3 Nd7 7. Qd2 f5 8. f3 Ndf6
9. h3 f4 10. Bf2 Nh5 11. Nge2 Ngf6 12. Rg1 a6 13. Nc1 O-O 14. a3 Bd7 15. b4 b6
16. Bd3 Ne8 17. Rb1 Bf6 18. Kd1 Bh4 19. Bxh4 Qxh4 20. bxc5 bxc5 21. Bc2 Qd8 22.
Ba4 Nef6 23. Nb3 Rb8 24. Kc2 Qc7 25. Bxd7 Nxd7 26. Na4 Ng3 27. Rge1 Kf7 28. Na5
Rxb1 29. Rxb1 Rb8 30. Rxb8 1/2-1/2

[Event "GBR-ch61"]
[Site "Clacton"]
[Date "1974.08.16"]
[Round "11"]
[White "Stean, Michael F"]
[Black "Hartston, William Roland"]
[Result "1/2-1/2"]
[WhiteElo "2345"]
[BlackElo "2480"]
[PlyCount "35"]
[EventDate "1974.08.05"]
[EventType "swiss"]
[EventRounds "11"]
[EventCountry "GBR"]
[SourceTitle "BritBase"]
[SourceQuality "2"]

1. Nf3 Nf6 2. c4 b6 3. g3 Bb7 4. Bg2 g6 5. O-O Bg7 6. d4 c5 7. Nc3 cxd4 8. Nxd4
Bxg2 9. Kxg2 Qc8 10. Qd3 Qb7+ 11. f3 Nc6 12. Nxc6 dxc6 13. Rd1 Nd7 14. Bf4 Nc5
15. Qd2 O-O 16. Bh6 Qc7 17. Bxg7 Kxg7 18. Qe3 1/2-1/2

[Event "GBR-ch61"]
[Site "Clacton"]
[Date "1974.08.16"]
[Round "11"]
[White "Webb, Simon"]
[Black "Williams, Arthur Howard"]
[Result "0-1"]
[WhiteElo "2380"]
[BlackElo "2405"]
[PlyCount "120"]
[EventDate "1974.08.05"]
[EventType "swiss"]
[EventRounds "11"]
[EventCountry "GBR"]
[SourceTitle "BritBase"]
[SourceQuality "2"]

1. Nf3 c5 2. c4 g6 3. d4 Bg7 4. e4 Qa5+ 5. Bd2 Qb6 6. Bc3 Nf6 7. d5 d6 8. Bd3
e5 9. O-O O-O 10. Ne1 Qd8 11. Nd2 Nh5 12. g3 Bh3 13. Ng2 Nd7 14. Be2 Nhf6 15.
Re1 h5 16. Bf1 Ng4 17. Qc2 Bh6 18. Qd3 Qe7 19. Re2 Rac8 20. Kh1 Ngf6 21. Nf3
Nh7 22. Ng1 Bxg2+ 23. Bxg2 h4 24. Nf3 hxg3 25. hxg3 Ndf6 26. Bh3 Ng5 27. Nxg5
Bxg5 28. Kg2 Nd7 29. Rh1 Kg7 30. Ree1 Rh8 31. Qd1 Rh5 32. f4 Bf6 33. g4 Rxh3
34. Rxh3 exf4 35. Qd2 Bxc3 36. Qxc3+ Ne5 37. Reh1 Qg5 38. Rh4 Kf6 39. b4 b6 40.
bxc5 bxc5 41. Qb2 Rd8 42. R4h3 Qxg4+ 43. Kf2 f3 44. Rg3 Qxe4 45. Re1 Qd4+ 46.
Qxd4 cxd4 47. Re4 d3 48. Ke3 Rh8 49. Rxe5 Kxe5 50. Rxf3 f5 51. Kxd3 f4 52. c5
dxc5 53. Kc4 g5 54. Rf1 g4 55. Re1+ Kf5 56. d6 f3 57. Re7 g3 58. d7 f2 59. Kd5
Rd8 60. Rf7+ Kg6 0-1

[Event "GBR-ch61 play-off"]
[Site "Llanelli"]
[Date "1974.12.14"]
[Round "1"]
[White "Stean, Michael F"]
[Black "Mestel, A Jonathan"]
[Result "1/2-1/2"]
[WhiteElo "2345"]
[BlackElo "2270"]
[PlyCount "44"]
[EventDate "1974.12.14"]
[EventType "tourn"]
[EventRounds "7"]
[EventCountry "GBR"]
[SourceTitle "BritBase"]
[SourceQuality "2"]

1. e4 e6 2. d4 d5 3. Nd2 c5 4. exd5 Qxd5 5. Ngf3 cxd4 6. Bc4 Qd6 7. O-O Nc6 8.
Nb3 Nf6 9. Nbxd4 Nxd4 10. Nxd4 Bd7 11. Bb3 Qc7 12. Bg5 Ne4 13. Bh4 Bd6 14. Qg4
Bxh2+ 15. Kh1 Qf4 16. Qxg7 Qxh4 17. Qxh8+ Ke7 18. Nf3 Qh6 19. Qxa8 Ng3+ 20.
fxg3 Bxg3+ 21. Kg1 Qe3+ 22. Kh1 Qh6+ 1/2-1/2

[Event "GBR-ch61 play-off"]
[Site "Llanelli"]
[Date "1974.12.14"]
[Round "1"]
[White "Williams, Arthur Howard"]
[Black "Bellin, Robert"]
[Result "1/2-1/2"]
[WhiteElo "2405"]
[BlackElo "2355"]
[PlyCount "43"]
[EventDate "1974.12.14"]
[EventType "tourn"]
[EventRounds "7"]
[EventCountry "GBR"]
[SourceTitle "BritBase"]
[SourceQuality "2"]

1. d4 Nf6 2. c4 e6 3. Nc3 Bb4 4. Bg5 h6 5. Bh4 c5 6. d5 Bxc3+ 7. bxc3 e5 8. e3
d6 9. Bd3 e4 10. Bc2 Qe7 11. Bxf6 Qxf6 12. Ne2 Qe5 13. Rb1 f5 14. O-O O-O 15.
f3 Nd7 16. Qe1 exf3 17. Rxf3 Qe7 18. Nf4 Ne5 19. Rg3 Rf7 20. Qe2 Bd7 21. Rf1
Raf8 22. h3 1/2-1/2

[Event "GBR-ch61 play-off"]
[Site "Llanelli"]
[Date "1974.12.15"]
[Round "2"]
[White "Hartston, William Roland"]
[Black "Stean, Michael F"]
[Result "1/2-1/2"]
[WhiteElo "2480"]
[BlackElo "2345"]
[PlyCount "59"]
[EventDate "1974.12.14"]
[EventType "tourn"]
[EventRounds "7"]
[EventCountry "GBR"]
[SourceTitle "BritBase"]
[SourceQuality "2"]

1. e4 c5 2. Nf3 d6 3. d4 cxd4 4. Nxd4 Nf6 5. Nc3 Nc6 6. Be2 e5 7. Nb3 Be7 8.
O-O O-O 9. f4 a5 10. a4 Nb4 11. Kh1 Qc7 12. Bf3 Be6 13. Be3 Rfd8 14. Rf2 d5 15.
Nb5 Qb8 16. fxe5 dxe4 17. Bd4 exf3 18. exf6 fxg2+ 19. Kg1 Bxf6 20. Rxf6 gxf6
21. Qf3 Nd5 22. Nc5 Qf4 23. Qxg2+ Qg5 24. Nxb7 Rdc8 25. c3 Nf4 26. Qxg5+ fxg5
27. Re1 Ra6 28. N7d6 Rcc6 29. Ne8 Nd5 30. b3 1/2-1/2

[Event "GBR-ch61 play-off"]
[Site "Llanelli"]
[Date "1974.12.15"]
[Round "2"]
[White "Mestel, A Jonathan"]
[Black "Botterill, George Steven"]
[Result "0-1"]
[WhiteElo "2270"]
[BlackElo "2410"]
[PlyCount "62"]
[EventDate "1974.12.14"]
[EventType "tourn"]
[EventRounds "7"]
[EventCountry "GBR"]
[SourceTitle "BritBase"]
[SourceQuality "2"]

1. e4 d6 2. d4 g6 3. Nc3 Bg7 4. Bg5 Nc6 5. Bb5 a6 6. Bxc6+ bxc6 7. Nge2 Rb8 8.
Rb1 Nf6 9. O-O h6 10. Bh4 g5 11. Bg3 Nh5 12. f4 Rb4 13. Be1 Bg4 14. Qd3 Nxf4
15. Nxf4 gxf4 16. Rxf4 h5 17. d5 Be5 18. Rf1 Qa8 19. h3 Bd7 20. Nd1 Rd4 21. Qf3
cxd5 22. Qxf7+ Kd8 23. exd5 Qxd5 24. Bc3 Be6 25. Qf3 Qxa2 26. Bxd4 Bxd4+ 27.
Nf2 Bd5 28. Qa3 Qc4 29. Kh2 Be5+ 30. Kh1 Rg8 31. Rg1 Qf4 0-1

[Event "GBR-ch61 play-off"]
[Site "Llanelli"]
[Date "1974.12.16"]
[Round "3"]
[White "Botterill, George Steven"]
[Black "Hartston, William Roland"]
[Result "1-0"]
[WhiteElo "2410"]
[BlackElo "2480"]
[PlyCount "85"]
[EventDate "1974.12.14"]
[EventType "tourn"]
[EventRounds "7"]
[EventCountry "GBR"]
[SourceTitle "BritBase"]
[SourceQuality "2"]

1. Nf3 g6 2. e4 Bg7 3. d4 c6 4. c3 d5 5. exd5 cxd5 6. Bd3 Nh6 7. Bf4 f6 8. c4
g5 9. Be3 Nf5 10. Nc3 dxc4 11. Bxc4 g4 12. Ng1 Nxe3 13. fxe3 Nc6 14. a3 Bh6 15.
Qd3 Qa5 16. Rd1 Bf5 17. e4 Bg6 18. Be6 Rd8 19. Nge2 Rd6 20. Bxg4 O-O 21. Qh3
Kg7 22. d5 Ne5 23. Nd4 Qb6 24. Ncb5 Nxg4 25. Nxd6 exd6 26. Qxg4 Re8 27. Ne6+
Kg8 28. Qf3 Rc8 29. Rf1 Rc4 30. Rf2 Rxe4+ 31. Kf1 f5 32. Qc3 Qb5+ 33. Qd3 Qb6
34. Re1 Rxe1+ 35. Kxe1 Qa5+ 36. b4 Qb6 37. Qc3 Qe3+ 38. Qxe3 Bxe3 39. Rc2 Kf7
40. Rc7+ Kf6 41. g3 b5 42. Rd7 Ke5 43. Nf4 1-0

[Event "GBR-ch61 play-off"]
[Site "Llanelli"]
[Date "1974.12.16"]
[Round "3"]
[White "Williams, Arthur Howard"]
[Black "Mestel, A Jonathan"]
[Result "0-1"]
[WhiteElo "2405"]
[BlackElo "2270"]
[PlyCount "70"]
[EventDate "1974.12.14"]
[EventType "tourn"]
[EventRounds "7"]
[EventCountry "GBR"]
[SourceTitle "BritBase"]
[SourceQuality "2"]

1. d4 e6 2. e4 d5 3. Nc3 Nf6 4. e5 Nfd7 5. Nf3 c5 6. dxc5 Nc6 7. Bf4 Bxc5 8.
Bd3 f6 9. exf6 Nxf6 10. O-O O-O 11. Ne5 Bd7 12. a3 a6 13. Qd2 Nh5 14. Bg5 Qc7
15. Nxd7 Qxd7 16. Be2 Qf7 17. Bxh5 Qxh5 18. Rae1 Bd6 19. h3 Ne5 20. Nxd5 Nc4
21. Qd4 exd5 22. Qxd5+ Kh8 23. Re4 Rad8 24. Qxc4 Qxg5 25. Qe2 Bc5 26. Re5 Rf5
27. Rxf5 Qxf5 28. b4 Bb6 29. c4 Bd4 30. Kh1 Rf8 31. f4 h6 32. Qf3 b6 33. Qc6
Qd3 34. Re1 Qd2 35. Qe4 Qxf4 0-1

[Event "GBR-ch61 play-off"]
[Site "Llanelli"]
[Date "1974.12.17"]
[Round "4"]
[White "Hartston, William Roland"]
[Black "Williams, Arthur Howard"]
[Result "1-0"]
[WhiteElo "2480"]
[BlackElo "2405"]
[PlyCount "101"]
[EventDate "1974.12.14"]
[EventType "tourn"]
[EventRounds "7"]
[EventCountry "GBR"]
[SourceTitle "BritBase"]
[SourceQuality "2"]

1. e4 e5 2. Nf3 Nc6 3. Bb5 a6 4. Ba4 d6 5. O-O Bd7 6. d4 Nf6 7. c3 Qe7 8. dxe5
dxe5 9. b4 O-O-O 10. Qe2 Nh5 11. g3 g6 12. Rd1 Bg7 13. Bg5 Bf6 14. Be3 Nb8 15.
Bxd7+ Rxd7 16. Nbd2 Rhd8 17. Nb3 Ng7 18. Rxd7 Qxd7 19. Nc5 Qc6 20. a4 Ne6 21.
b5 Qd6 22. bxa6 Nxa6 23. Nxa6 Qxa6 24. Qxa6 bxa6 25. Kf1 Bg7 26. Ke2 f6 27. Ne1
Rd6 28. Rc1 Rc6 29. c4 Bf8 30. Nd3 Bc5 31. Nxc5 Nxc5 32. Bxc5 Rxc5 33. Kd3 Ra5
34. Ra1 Rc5 35. Kc3 Rc6 36. Rd1 h5 37. h4 Re6 38. c5 Re8 39. Kc4 Rg8 40. c6 Re8
41. Rd7 Kb8 42. Kc5 Rf8 43. f3 g5 44. Rh7 gxh4 45. gxh4 Rd8 46. Rxh5 Rd3 47.
Rf5 Rc3+ 48. Kd5 Rd3+ 49. Ke6 Rd6+ 50. Kf7 Rxc6 51. h5 1-0

[Event "GBR-ch61 play-off"]
[Site "Llanelli"]
[Date "1974.12.17"]
[Round "4"]
[White "Mestel, A Jonathan"]
[Black "Bellin, Robert"]
[Result "1-0"]
[WhiteElo "2270"]
[BlackElo "2355"]
[PlyCount "81"]
[EventDate "1974.12.14"]
[EventType "tourn"]
[EventRounds "7"]
[EventCountry "GBR"]
[SourceTitle "BritBase"]
[SourceQuality "2"]

1. e4 e5 2. Nf3 Nc6 3. Bc4 Nf6 4. O-O Nxe4 5. Qe2 d5 6. Bb5 Be7 7. d3 Nc5 8.
Nxe5 Bd7 9. Bxc6 bxc6 10. Bg5 Ne6 11. Bxe7 Qxe7 12. f4 O-O 13. Nxd7 Qxd7 14. f5
Nc5 15. f6 Rae8 16. Qf2 Qd6 17. fxg7 Kxg7 18. Nd2 Nd7 19. Nf3 c5 20. Nh4 Kh8
21. Nf5 Qg6 22. Rae1 Re6 23. Qf4 Rfe8 24. Rxe6 fxe6 25. Nh4 Qg7 26. Qxc7 Qd4+
27. Kh1 Qxh4 28. Qxd7 Qe7 29. Rf7 Qxd7 30. Rxd7 Rb8 31. b3 a5 32. Ra7 c4 33.
dxc4 dxc4 34. Rxa5 Rd8 35. h3 Rd2 36. c3 Rc2 37. Rc5 Rxa2 38. Rxc4 Kg7 39. Kh2
Kf6 40. Kg3 h5 41. b4 1-0

[Event "GBR-ch61 play-off"]
[Site "Llanelli"]
[Date "1974.12.17"]
[Round "4"]
[White "Stean, Michael F"]
[Black "Botterill, George Steven"]
[Result "1/2-1/2"]
[WhiteElo "2345"]
[BlackElo "2410"]
[PlyCount "45"]
[EventDate "1974.12.14"]
[EventType "tourn"]
[EventRounds "7"]
[EventCountry "GBR"]
[SourceTitle "BritBase"]
[SourceQuality "2"]

1. e4 d6 2. d4 g6 3. Nc3 Bg7 4. f4 Nf6 5. Nf3 O-O 6. Bd3 Nc6 7. e5 dxe5 8. dxe5
Nd5 9. Bd2 Bf5 10. Bxf5 gxf5 11. Qe2 Nxc3 12. Bxc3 Qd5 13. Rg1 f6 14. Rd1 Qe6
15. exf6 Qxe2+ 16. Kxe2 Bxf6 17. Bxf6 Rxf6 18. Rd7 Rc8 19. Rgd1 h6 20. a3 Kf8
21. Nh4 Ke8 22. R7d5 Rd8 23. Rxd8+ 1/2-1/2

[Event "GBR-ch61 play-off"]
[Site "Llanelli"]
[Date "1974.12.18"]
[Round "5"]
[White "Bellin, Robert"]
[Black "Hartston, William Roland"]
[Result "0-1"]
[WhiteElo "2355"]
[BlackElo "2480"]
[PlyCount "102"]
[EventDate "1974.12.14"]
[EventType "tourn"]
[EventRounds "7"]
[EventCountry "GBR"]
[SourceTitle "BritBase"]
[SourceQuality "2"]

1. e4 c5 2. Nf3 e6 3. d4 cxd4 4. Nxd4 Nf6 5. Nc3 d6 6. g4 Nc6 7. g5 Nd7 8. Ndb5
Nb6 9. Bf4 Ne5 10. Qh5 Bd7 11. O-O-O Qb8 12. Bg3 a6 13. Nd4 g6 14. Qe2 Qc7 15.
f4 Nec4 16. h4 Rc8 17. Be1 Bg7 18. h5 e5 19. h6 Bf8 20. Nf3 Be7 21. f5 gxf5 22.
exf5 Bxf5 23. Bh3 Qd7 24. Bxf5 Qxf5 25. Kb1 Qe6 26. b3 Na3+ 27. Kb2 d5 28. Nxe5
O-O 29. Rh2 Rfe8 30. Ng4 Qg6 31. Qf2 Bc5 32. Qf6 Be7 33. Qxg6+ hxg6 34. Nf6+
Bxf6 35. gxf6 d4 36. Kxa3 dxc3 37. h7+ Kh8 38. Rh3 Re2 39. Bxc3 Rxc2 40. Ba5
R2c6 41. Rhd3 g5 42. Rh3 Na8 43. Rg1 Rc5 44. Bb4 Rf5 45. Rc1 Re8 46. Re1 Nc7
47. Re7 a5 48. Bd2 Nb5+ 49. Kb2 Rd8 50. Rh2 g4 51. Rd7 Rxd7 0-1

[Event "GBR-ch61 play-off"]
[Site "Llanelli"]
[Date "1974.12.18"]
[Round "5"]
[White "Williams, Arthur Howard"]
[Black "Stean, Michael F"]
[Result "1-0"]
[WhiteElo "2405"]
[BlackElo "2345"]
[PlyCount "69"]
[EventDate "1974.12.14"]
[EventType "tourn"]
[EventRounds "7"]
[EventCountry "GBR"]
[SourceTitle "BritBase"]
[SourceQuality "2"]

1. Nf3 c5 2. b3 d6 3. d4 cxd4 4. Nxd4 Nf6 5. Bb2 e5 6. Nf3 e4 7. Nd4 e3 8. f3
Be7 9. Qd3 O-O 10. Qxe3 Nd5 11. Qf2 Bg5 12. e4 Qa5+ 13. Nd2 Re8 14. g3 Nc6 15.
Nxc6 bxc6 16. Bd3 Bh3 17. f4 Bf6 18. Bxf6 Nxf6 19. O-O-O Qxa2 20. Qd4 c5 21.
Qb2 Qa5 22. Nc4 Qc7 23. Nxd6 Qxd6 24. e5 Qb6 25. exf6 Qxf6 26. Qxf6 gxf6 27.
Bc4 a5 28. Rhe1 Rxe1 29. Rxe1 Kf8 30. Kb2 Bf5 31. Rd1 a4 32. Ra1 Bxc2 33. Kxc2
axb3+ 34. Kb2 Rb8 35. Ra5 1-0

[Event "GBR-ch61 play-off"]
[Site "Llanelli"]
[Date "1974.12.19"]
[Round "6"]
[White "Botterill, George Steven"]
[Black "Williams, Arthur Howard"]
[Result "1-0"]
[WhiteElo "2410"]
[BlackElo "2405"]
[PlyCount "40"]
[EventDate "1974.12.14"]
[EventType "tourn"]
[EventRounds "7"]
[EventCountry "GBR"]
[SourceTitle "BritBase"]
[SourceQuality "2"]

1. e4 c5 2. Nf3 Nc6 3. Bb5 e6 4. O-O Nge7 5. Re1 a6 6. Bf1 Ng6 7. c3 d5 8. exd5
Qxd5 9. d4 cxd4 10. cxd4 Bb4 11. Nc3 Bxc3 12. bxc3 O-O 13. c4 Qd6 14. Bb2 b5
15. d5 exd5 16. cxb5 axb5 17. Bxb5 Nf4 18. Qc1 Rb8 19. a4 d4 20. Ba3 Nb4 1-0

[Event "GBR-ch61 play-off"]
[Site "Llanelli"]
[Date "1974.12.19"]
[Round "6"]
[White "Stean, Michael F"]
[Black "Bellin, Robert"]
[Result "1/2-1/2"]
[WhiteElo "2345"]
[BlackElo "2355"]
[PlyCount "37"]
[EventDate "1974.12.14"]
[EventType "tourn"]
[EventRounds "7"]
[EventCountry "GBR"]
[SourceTitle "BritBase"]
[SourceQuality "2"]

1. e4 e5 2. Nf3 Nc6 3. Bb5 a6 4. Bxc6 dxc6 5. O-O f6 6. d4 exd4 7. Nxd4 c5 8.
Nb3 Qxd1 9. Rxd1 Be6 10. Bf4 c4 11. Nd4 O-O-O 12. Nc3 Bf7 13. Nd5 Bc5 14. Nf5
Bxd5 15. exd5 g6 16. Ng7 Ne7 17. Ne6 Rxd5 18. Bxc7 Kd7 19. Nxc5+ 1/2-1/2

[Event "GBR-ch61 play-off"]
[Site "Llanelli"]
[Date "1974.12.21"]
[Round "7"]
[White "Bellin, Robert"]
[Black "Botterill, George Steven"]
[Result "1/2-1/2"]
[WhiteElo "2355"]
[BlackElo "2410"]
[PlyCount "46"]
[EventDate "1974.12.14"]
[EventType "tourn"]
[EventRounds "7"]
[EventCountry "GBR"]
[SourceTitle "BritBase"]
[SourceQuality "2"]

1. d4 g6 2. e4 Bg7 3. Nc3 d6 4. f4 Nf6 5. Nf3 O-O 6. Bd3 Nc6 7. O-O Bg4 8. e5
Nd7 9. Ne2 Nb4 10. Be4 d5 11. Bd3 c5 12. c3 Nxd3 13. Qxd3 cxd4 14. cxd4 Nb6 15.
b3 f5 16. Ng5 Bxe2 17. Qxe2 Qd7 18. a4 Rac8 19. Ba3 h6 20. Nf3 Rc6 21. Ne1 Na8
22. Nd3 b6 23. Rfc1 Rfc8 1/2-1/2